Sports Quiz

Random Sports or NFL Quiz

NFL 2010 Team MVPs Quiz Stats

 Plays Quiz not verified by Sporcle

Challenge
Share
Tweet
Embed
Score 0/32 Timer 05:00
0 Plays Today
team player % Correct
IndianapolisPeyton Manning
90.9%
BaltimoreRay Lewis
90.7%
New England Tom Brady
88.8%
CarolinaCharles Johnson
87.2%
ArizonaLarry Fitzgerald
85.3%
New OrleansDrew Brees
84.4%
AtlantaRoddy White
84.3%
PhiladelphiaMichael Vick
80.4%
MinnesotaAdrian Peterson
80.3%
San DiegoPhilip Rivers
78.6%
JacksonvilleMaurice Jones-Drew
77%
Green BayClay Matthews
76.3%
HoustonArian Foster
74%
Kansas CityJamaal Charles
73.6%
St. LouisSteven Jackson
72.4%
PittsburghTroy Polamalu
67.5%
team player % Correct
Tampa BayJosh Freeman
67.2%
SeattleMike Williams
67%
BuffaloRyan Fitzpatrick
65.4%
DallasDeMarcus Ware
61.1%
ClevelandPeyton Hillis
59.7%
N.Y. JetsBrad Smith
59.2%
DetroitNdamukong Suh
59.1%
ChicagoJulius Peppers
55.8%
DenverBrandon Lloyd
54%
San FranciscoPatrick Willis
52.9%
N.Y. GiantsJustin Tuck
40.9%
WashingtonDeAngelo Hall
31.2%
OaklandNnamdi Asomugha
30.4%
Miami Cameron Wake
26%
TennesseeStephen Tulloch
5%
CincinnatiCarlos Dunlap
3.2%

You're not logged in!

Compare scores with friends on all Sporcle quizzes.
Join for Free
OR
Log In

You Might Also Like...

Show Comments

Extras

Top Quizzes Today


Score Distribution

Your Account Isn't Verified!

In order to create a playlist on Sporcle, you need to verify the email address you used during registration. Go to your Sporcle Settings to finish the process.

Report this User

Report this user for behavior that violates our Community Guidelines.

Details: